01150nam a22003257a 4500001001000000003000900010005001700019007000300036008003400039040005400073041001000127072001900137090001900156110008900175245012700264260003800391300001000429500001200439650001400451650002900465650003400494650002700528650002200555650001400577650002100591909003600612942000700648999001700655952015200672BR0603731BR-BrBNA20230928102244.0ta230509b bl.||||| |||| 00| 0 por d aBR-BrBNAbporcBiblioteca Nacional de Agricultura a(Por) aE16; E70b2121  2121 BR06037311 aServiço de Apoio às Micro e Pequenas Empresas do Acre, Rio Branco (Brasil)994201 aOpções de investimento no Acre com produtos florestais não-madeireiros; guaranábProdutos Potenciais da Amazônia3 aRio Branco, AC (Brasil): c1995.  a41 p. a20 ref. aGUARANÁ aPRODUÇÃO DE SEMENTES aESTATÍSTICA DE PRODUÇÃO aINDÚSTRIA AGRÍCOLA aGUARANÁ EM PÓ aCRÉDITO aINCENTIVO FISCAL a202309bLuciac55dLucia Elande cBK c69873d69873 002AGRIS40708AGROBASEa41918b41918l0o 2121 BR0603731p2121 BR0603731r2023-09-25t01yBK10d2023-09-25ePortaria Interministerial nº 164/94